Top 10 Manchester United Premier League Scorers - Statistics

General Stats
  • This quiz has been taken 868 times
    21 since last reset
  • The average score is 8 of 11
Answer Stats
Player Goals % Correct
Cristiano Ronaldo 103
100%
Wayne Rooney 183
100%
Ryan Giggs 109
90%
Paul Scholes 107
85%
Eric Cantona 63
80%
Bruno Fernandes 71
75%
Ruud van Nistelrooy 95
75%
Marcus Rashford 87
65%
Andy Cole 91
60%
Anthony Martial 63
55%
Ole Gunnar Solskjær 91
50%
No matching quizzes found
Score Distribution
Percent of People with Each Score
Percentile by Number Answered
Your Score History
You have not taken this quiz since the last reset